| 000 | 02400nam a22002777a 4500 | ||
|---|---|---|---|
| 999 |
_c58368 _d58368 |
||
| 003 | Ge_BSU | ||
| 005 | 20211207135635.0 | ||
| 008 | 211207s2019ge xxu||||| |||| 00| 0 geo d | ||
| 020 | _a9789941488290 | ||
| 041 | _ageo | ||
| 080 | _a39(479.223) მ-36 | ||
| 245 |
_aმასალები აჭარის ყოფისა და კულტურის შესწავლისათვის : _bტ I : მემინდვრეობა / _cსარედაქც. კოლეგ: ნოდარ კახიძე ; როინ მალაყმაძე ; ნაილა ჩელებაძე; ჯემალ ვარშალომიძე; რუსლან ბარამიძე; [და სხვ]. |
||
| 264 |
_aბათუმი: _bბათუმის შოთა რუსთაველის სახელმწიფო უნივერსიტეტი, _c2019. |
||
| 300 |
_a300 გვ.: _bილ; _c22 სმ. |
||
| 501 | _aსაძიებელი გვ:273-294. ტაბულის აღწერ.გვ:299-300 | ||
| 653 | _aმასალები აჭარის ყოფისა და კულტურის შესწავლისათვის | ||
| 653 | _aაჭარაში შეკრებილი ეთნოგრაფიული ექსპედიციის მასალები | ||
| 700 |
_aკახიძე ,ნოდარ _eტომის რედაქტორი _913154 |
||
| 700 |
_a მალაყმაძე, როინ _eსარედაქციო კოლეგია _913193 |
||
| 700 |
_aჩელებაძე, ნაილა _eსარედაქციო კოლეგია _96824 |
||
| 700 |
_aვარშალომიძე, ჯემალ _eსარედაქციო კოლეგია _94618 |
||
| 700 |
_aბარამიძე, რუსლან _eსარედაქციო კოლეგია _913194 |
||
| 710 |
_aბათუმის შოთა რუსთაველის სახელმწიფო უნივერსიტეტი _913195 |
||
| 710 |
_aნიკო ბერზენიშვილის ინსტიტუტი ეთნოლოგიისა და სოციოლოგიური კველევის განყოფილება _913196 |
||
| 942 |
_2udc _cBK |
||